| 000 | 00495nam a2200181Ia 4500 | ||
|---|---|---|---|
| 001 | 16201 | ||
| 005 | 20260306170252.0 | ||
| 008 | 260306t2017||||xx |||||||||||||| ||und|| | ||
| 041 | _aESP | ||
| 082 |
_a347.3098 _bM84 |
||
| 100 |
_aMomberg, Rodrigo _eAUT |
||
| 245 | 4 |
_aThe future of contract law in Latin America: _bthe principles of Latin American contract law |
|
| 260 | _c2017 | ||
| 300 |
_axxxii, 320 páginas : _c24 cm. |
||
| 650 | _aGEN | ||
| 654 | _aCDE | ||
| 942 |
_cLIB _dJUS _fJUS _2ddc _n |
||
| 999 |
_c16201 _d16201 |
||